Blueprint Reading for Plumbers Residential and Commercial. (Record no. 1719)

MARC details
000 -LEADER
fixed length control field 00395nam a22001217a 4500
005 - DATE AND TIME OF LATEST TRANSACTION
control field 20200903110757.0
008 - FIXED-LENGTH DATA ELEMENTS--GENERAL INFORMATION
fixed length control field 200903b ||||| |||| 00| 0 eng d
020 ## - INTERNATIONAL STANDARD BOOK NUMBER
International Standard Book Number 0827334591
040 ## - CATALOGING SOURCE
Transcribing agency CML
245 ## - TITLE STATEMENT
Title Blueprint Reading for Plumbers Residential and Commercial.
Statement of responsibility, etc. Guest, J.R.
260 ## - PUBLICATION, DISTRIBUTION, ETC.
Place of publication, distribution, etc. New York
Name of publisher, distributor, etc. Delmar Publishers Inc.
Date of publication, distribution, etc. 1989
942 ## - ADDED ENTRY ELEMENTS (KOHA)
Source of classification or shelving scheme Dewey Decimal Classification
Koha item type Books
Edition 5th Edition
Classification part 696.1
Call number suffix GUE
Holdings
Withdrawn status Lost status Source of classification or shelving scheme Damaged status Not for loan Collection code Home library Current library Shelving location Date acquired Total Checkouts Full call number Barcode Date last seen Copy number Price effective from Koha item type
    Dewey Decimal Classification     Technology (Applied Sciences) Chalimbana Main Library Chalimbana Main Library Technology (Applied Sciences) 09/03/2020   696.1 GUE 9780827334595 09/03/2020 1 09/03/2020 Books

Powered by Koha